| 000 | 01233nam a2200253Ia 4500 | ||
|---|---|---|---|
| 003 | Ost | ||
| 005 | 20260507075802.0 | ||
| 008 | 260507s9999||||xx |||||||||||||| ||und|| | ||
| 020 | _a9789931084792 | ||
| 040 | _cfsecg | ||
| 041 | _aara | ||
| 082 | _a657.835 | ||
| 100 |
_aعلام، عثمان _eمؤلف |
||
| 245 | 0 |
_aالمحاسبة الوطنية : _bنظام الحسابات الاقتصادية الجزائرية(SCEA) / _c عثمان علام |
|
| 260 |
_aالجزائر : _bألفا للوثائق للنشر والتوزيع , _c2023 |
||
| 300 |
_a218 صفحة؛ _bإيضاحات ؛ _c24 سم |
||
| 504 | _aبيبليوغرافيا: ص ص213-217 | ||
| 520 | _aيضم السياق التاريخي لتطور المحاسبة الوطنية، الاطار النظري لنظام المحاسبة الوطنية، نظام الحسابات الاقتصادية الجزائرية، القطاعات الاقتصادية والجداول المركزية، أمثلة وتطبيقات. | ||
| 653 | _aالمحاسبة الحكومية | ||
| 653 | _aالنظام المحاسبي الموحد | ||
| 653 | _aمراجعة الحسابات | ||
| 700 |
_aعزوز، أحمد _eمؤلف ثانوي |
||
| 942 | _cكتاب | ||
| 999 |
_c46288 _d46288 |
||